[Event "Dyfed Open"]
[Site "Fishguard"]
[Date "2020.02.16"]
[Round "5.10"]
[White "Williams, R Gareth"]
[Black "Taylor, Robert Graham"]
[Result "0-1"]
[WhiteElo "1642"]
[BlackElo "1844"]
[Annotator "kemen"]
[PlyCount "64"]
[EventDate "2020.02.??"]
[EventType "swiss"]
[EventRounds "5"]
[EventCountry "WLS"]
[SourceVersionDate "2020.02.18"]

{[%evp 0,15,24,12,56,16,26,20,17,19,41,41,41,38,28,31,70,70]} 1. e4 c5 2. Bc4
e6 3. Nc3 Nc6 4. Nf3 (4. f4) 4... d6 (4... a6) 5. O-O Be7 6. d4 (6. d3) 6...
cxd4 7. Nxd4 a6 (7... Nf6) 8. Nxc6 (8. Be3 {main}) 8... bxc6 9. a3 $146 (9. Qg4
Bf6 $16 {3-0}) (9. Re1 $11 {0-3}) (9. Bf4 {1 result in each category}) 9... Nf6
10. Re1 O-O $11 {but Bl has a useful central pawn mass} 11. Bf4 e5 12. Be3 (12.
Bg5 {simpler} h6 13. Bxf6 Bxf6 14. Re3 {and Wh has some activity, though the
Bl centre is solid}) 12... Ng4 13. Qe2 Nxe3 14. Qxe3 Kh8 $15 15. Rad1 f5 16. f3
(16. exf5 Bxf5 17. Bd3 {may be better though Bl has no problems with either}
Bd7 {or} (17... Rb8)) 16... f4 $17 {Bl can just build up for a K side attack
without Wh having much to interfere with the plan} 17. Qd3 Rf6 18. Re2 Rh6 {
it's usually best not to move pawns on the side where one is under attack
unless forced to do so- gaps are created & the pawns can't return to their post
} 19. g3 (19. Na4 $5 {trying to make something happen on the Q side to
distract Bl?}) 19... Qb6+ (19... fxg3 20. hxg3 d5 21. exd5 Bc5+ 22. Kf1 Qg5 $19
{Stockfish11-leaves the Wh pieces on the wrong side of the K}) 20. Kh1 fxg3 21.
Rg2 (21. Rg1 $5) 21... Rxh2+ (21... Bg5 22. Rxg3 Bf4 23. Rg2 Bh3 24. Re2 Qd8 {
Stockfish11- piling everything into the K- the Engine starts shedding material
for Wh to slow down the flow}) 22. Rxh2 gxh2 23. Na4 Qf2 (23... Qa7 24. Qf1 Bd7
25. Rd2 Rf8 $19 {preferred by Stockfish11}) 24. Rf1 Qg3 (24... Qa7 {preserves
the Q for the attack}) 25. f4 Qxd3 26. cxd3 Bh3 27. Rf2 exf4 28. Kxh2 Bg4 29.
Rxf4 h5 {Bl's 2 connected passed pawns will win the endings} 30. Nc3 (30. Rxg4
hxg4 31. Be6 {is Stockfish11's attempt at damage limitation}) 30... Rb8 (30...
Bf6 31. Rf1 a5 32. Nd1 Bd4 $19 {Stockfish11}) 31. b4 Bf6 (31... d5 {
Stockfish11 attacks B & gets B on the diagonal of the R & K} 32. Rxg4 hxg4 33.
exd5 Bf6 34. Nd1 Be5+ 35. Kg2 cxd5 36. Bxd5 Kh7 37. Be6 g3 $19) 32. Na2 (32.
Rxg4 hxg4 33. Ne2 a5 $19) 32... Be5 {a whole R is lost now} 0-1

[Event "Dyfed Open"]
[Site "Fishguard"]
[Date "2020.02.16"]
[Round "5.12"]
[White "Greatorex, Roger"]
[Black "Dixon, Chris"]
[Result "1/2-1/2"]
[WhiteElo "1735"]
[BlackElo "1754"]
[Annotator "kemen"]
[PlyCount "70"]
[EventDate "2020.02.??"]
[EventType "swiss"]
[EventRounds "5"]
[EventCountry "WLS"]
[SourceVersionDate "2020.02.18"]

{[%evp 0,18,19,31,19,23,28,-8,24,25,16,2,20,12,19,19,18,1,8,-8,11]} 1. d4 d5 2.
Nf3 Nf6 3. Bg5 e6 4. Nbd2 Be7 5. e3 O-O 6. Bd3 Nbd7 7. O-O h6 8. Bh4 b6 (8...
c5 {main}) 9. Ne5 (9. c3 {main}) 9... Bb7 (9... Nxe5 10. dxe5 Nd7 11. Bxe7 Qxe7
12. f4 Nc5 {1 Wh win, 1 draw, 3 Bl wins} (12... Bb7 {2 Wh wins, 3 Bl wins}))
10. f4 Ne4 11. Bxe7 Qxe7 12. Rf3 (12. c3 c5 {transposes to 137 games}) 12...
Nxe5 (12... c5 13. c3 Nxe5 (13... Ndf6 14. Rh3 Nxd2 (14... Rac8 15. g4 Nxd2 16.
Qxd2 Ne4 17. Qe2 Rfd8 18. g5 f6 19. Bxe4 dxe4 20. gxf6 Qxf6 21. Kh1 {
Enkhsaran-Prathivya, Wld ch girls U08, Porto Carras 2015,1-0}) 15. Qxd2 Ne4 16.
Qe2 Qe8 17. g4 f6 {Carrick-Sandercock, Beacon Seniors Exmouth 2008,0-1}) 14.
fxe5 {2-0}) 13. fxe5 f5 14. exf6 Rxf6 (14... Nxf6 15. c3 e5 16. Bg6 c5 $15 {
Stockfish11}) 15. Rxf6 Qxf6 (15... Nxf6 16. Nf3 Nd7 17. Qe1 (17. Qe2 e5 $11)
17... Qd6 18. Nh4 Rf8 19. Qe2 e5 $11 {Stockfish11}) 16. Nf3 $14 c5 17. c3 Rf8
18. Qe2 Bc6 19. Bxe4 dxe4 20. Ne5 Be8 21. Rf1 $16 Qg5 22. Rxf8+ Kxf8 23. Qf2+
Qf6 (23... Kg8 24. h4 Qf5 25. g4 Qf6 26. h5 cxd4 27. cxd4 Bb5 28. Kg2 $18 {
[%eval 0,0] Stockfish11- Qs must come off sooner or later, & then the N is far
superior to the}) 24. Kf1 (24. Qc2 $18 {Stockfish11} Qf5 25. g4 Qh7 26. dxc5
bxc5 27. Qd2 g5 28. Qd8 $18 Qe7 $2 29. Ng6+) (24. Qg3 $16) 24... Ke7 25. Qxf6+
{straightens out Bl's pawns} (25. Kg1 {Stockfish11} Qxf2+ 26. Kxf2 $16) 25...
gxf6 $11 26. Ng4 h5 27. Nf2 cxd4 28. exd4 f5 29. Ke2 Kd6 30. Ke3 b5 31. h4 a5
32. Kf4 Kd5 {Wh has no time to get his K & N to capture the h pawn, as Bl
would be faster coming in on the Q side} 33. b3 $2 {this though should lose as
it weakens the pawn chain} (33. Nd1 Kc4 34. Ke3 Kd5 35. Kf4 Kc4 $11) 33... b4
$19 34. cxb4 axb4 (34... Kxd4 $1 {Stockfish11; though it requires some exact
calculation - the B is suddenly better than the N as it can both hold up Wh's
distant pawns, while supporting the advance of its own} 35. bxa5 e3 36. Nh3 e5+
37. Kg3 (37. Kg5 e2 38. Ng1 Bb5 $1 {only move to win} 39. Nf3+ (39. Kxf5 e4 40.
Nxe2+ Bxe2 $19) (39. Nxe2+ Bxe2 40. Kxf5 e4 {the reserve e pawn decides}) 39...
Ke3 40. Ne1 Kf2 41. a4 (41. a6 Kxe1 42. a7 Bc6) 41... Ba6 42. Nc2 Bd3 43. Nb4
Be4 {and the e pawn wins through- Stockfish11})) 35. Ke3 e5 {draw agreed} (
35... e5 36. dxe5 Kxe5 37. Nh3 {and the N & K blockade the centre pawns}) (
35... f4+ $1 $19 {as the Bl K breaks through , aided by the longrange B.} 36.
Kxf4 Kxd4 37. Nd1 (37. Nxe4 e5+ {wins the N}) 37... Bb5 38. g4 e5+ 39. Kg3 e3
40. Nxe3 Kxe3 41. gxh5 Bd7 42. h6 Bf5 43. h7 Bxh7 44. Kg4 e4 $19 {Stockfish11})
1/2-1/2

[Event "Dyfed Open"]
[Site "Fishguard"]
[Date "2020.02.16"]
[Round "5.13"]
[White "Pinch, David"]
[Black "Probert, Malcolm"]
[Result "1/2-1/2"]
[WhiteElo "1667"]
[BlackElo "1565"]
[Annotator "kemen"]
[PlyCount "45"]
[EventDate "2020.02.??"]
[EventType "swiss"]
[EventRounds "5"]
[EventCountry "WLS"]
[SourceVersionDate "2020.02.18"]

1. d4 d5 2. c4 c6 3. cxd5 cxd5 4. Nf3 Nc6 5. g3 (5. Nc3) (5. Bf4) 5... g6 (5...
Nf6 {main}) 6. Bg2 Bg7 7. O-O Nf6 8. Nc3 O-O 9. Bf4 {51% for Wh} (9. Ne5 {
main, 60% for Wh}) 9... Ne4 10. Ne5 Nxc3 11. bxc3 Nxe5 12. Bxe5 Bxe5 13. dxe5
e6 (13... Be6 {main; 2 Wh wins, 2 draws, 4 Bl wins}) 14. Qd4 (14. e4 dxe4 15.
Qxd8 Rxd8 16. Bxe4 Kf8 (16... Rb8 $11) 17. Rfd1 Ke7 18. c4 Rb8 $11 {
Frank-Schuler, Wuerttemberger ch Seniors, Ellwangen 1998,1-0}) 14... Qc7 15. e4
(15. Rac1 b5 (15... Bd7 $15) 16. e4 dxe4 17. Qxe4 Rb8 18. c4 Bb7 19. Qf4 Bxg2
20. Kxg2 b4 $11 {Saric-Juric, Split 1999,1-0}) (15. c4 Qxc4 16. Qxc4 dxc4 17.
Rfc1 Bd7 18. Rxc4 Bb5 19. Rc2 (19. Rc7 Bxe2 20. Re1 Ba6 21. Bxb7 Bxb7 22. Rxb7
Rfb8 23. Reb1 Rxb7 24. Rxb7 a5 $11) 19... Rac8 20. Rac1 Rxc2 21. Rxc2 b6 $11 {
Stockfish11}) 15... dxe4 16. Rfd1 b6 17. Bxe4 Bb7 18. Bxb7 Qxb7 19. Qe3 (19.
Qf4 Rac8 20. c4 Qa6 21. Rd4 Qa5 $15 {Stockfish11}) 19... Rfd8 (19... Rad8 $15 {
Stockfish11} 20. Qg5 Rd5) 20. Rd6 (20. Qg5 $11 {Stockfish11}) 20... Rxd6 21.
exd6 Qd5 22. Qe2 (22. a4) 22... Qxd6 23. Rd1 (23. Rd1 Qc7 $19 (23... Qe7 $19 {
Stockfish11- Bl has an extra pawn & Wh's Q side pawns are split; but it will
be a long haul})) 1/2-1/2

[Event "Dyfed Open"]
[Site "Fishguard"]
[Date "2020.02.16"]
[Round "5.14"]
[White "Van Kemenade, Julie"]
[Black "Orton, Paul"]
[Result "0-1"]
[WhiteElo "1689"]
[BlackElo "1580"]
[Annotator "kemen"]
[PlyCount "66"]
[EventDate "2020.02.??"]
[EventType "swiss"]
[EventRounds "5"]
[EventCountry "WLS"]
[SourceVersionDate "2020.02.18"]

{[%evp 0,66,19,28,72,49,73,79,73,47,64,42,19,7,28,16,21,10,12,-37,-17,-13,-13,
-25,-7,-45,-20,-28,-2,-33,-5,-39,-4,-48,-38,-105,-80,-122,-122,-147,-103,-138,
-129,-131,-142,-174,-174,-203,-100,-114,-99,-99,-98,-100,-95,-103,-85,-197,
-202,-267,-231,-321,-323,-997,-1033,-29995,-29996,-29999,-30000]} 1. e4 c5 2.
Nc3 (2. Bc4 d6 3. f4 g6 4. Nf3 Bg7 5. c3 Nc6 6. Bb3 e6 7. Qe2 Nge7 8. O-O O-O
9. d3 {Van Kemenade-Orton, Dyfed Closed 2010,1-0}) 2... d6 3. Bc4 g6 4. f4 Bg7
5. Nf3 Nc6 6. O-O Nf6 (6... e6) 7. d3 O-O 8. a3 (8. Qe1) (8. f5) (8. h3) 8...
a6 9. Ne2 (9. Qe1 {main}) 9... b5 10. Ba2 Qb6 (10... Qc7 11. Ng3 e6 12. Nh4 Qd8
13. c3 Bb7 14. Nf3 Qb6 15. Be3 Ng4 16. Qd2 Nxe3 17. Qxe3 a5 18. f5 {Van
Kemenade-Beilschmidt, 4NCL 2003,0-1}) 11. Kh1 Bb7 (11... c4 12. c3 cxd3 13.
Qxd3 Ng4 14. Ned4 Nxd4 15. cxd4 e5 16. h3 Nf6 17. f5 {Mleko-Boder; POL ch
girls U16, Wisla 2000,0-1}) (11... e6 12. Qe1 d5 13. e5 Nd7 14. c3 d4 15. cxd4
cxd4 16. Qf2 Nc5 17. Rd1 Rd8 18. Qh4 {Kvisla-Fairbairn, Gibraltar Masters 2009,
1-0}) 12. Ng3 (12. f5 {Stockfish11}) 12... Rac8 13. f5 Rfd8 {weakens f7} (13...
c4) (13... Ne5) 14. Ng5 (14. Qe2) 14... Ne5 15. Bf4 (15. Qe1 $14) (15. Be3 $14)
15... Rf8 (15... c4 16. Qe2 (16. fxg6 hxg6 17. Qe1 $14 (17. Qe2 $14)) 16... h6
17. Nf3 Nxf3 18. Rxf3 Rf8 19. Raf1 $14 {Stockfish11}) 16. Bxe5 (16. Qe2 $14) (
16. fxg6 hxg6 17. Qe2 $14) 16... dxe5 17. Rf3 (17. Qe2 $11) 17... Bh6 (17... c4
$15) 18. Nh3 (18. h4) 18... c4 $17 19. Qe2 cxd3 20. cxd3 Rfd8 (20... Qc5 21.
Raf1 (21. Bb3 a5) 21... Qc2 22. Bb1 Qd2 23. Qxd2 Bxd2 24. Ne2 Rfd8 $17 {
Stockfish11}) (20... Rc7 $17) 21. Nf2 Rc7 22. h3 Rdc8 $19 23. Ng4 (23. Qe1 Rc1
24. Rxc1 Rxc1 25. Nd1 Ra1 26. Bb3 a5 27. fxg6 hxg6 28. Qc3 a4 29. Bc2 Qc6 30.
Qxc6 Bxc6 31. Rf2 Rc1 32. Nf1 Nd7 33. Kh2 Nc5 34. Nc3 Ne6 $19 {Stockfish11-
nothing definite as yet, but the Wh pieces have a severe lack of space}) 23...
Rc1+ (23... Nxg4 24. hxg4 Rc2 25. Qf1 Rc1 $19 {Stockfish11}) 24. Rxc1 (24. Rf1
Rxf1+ 25. Rxf1 Bf4 26. Nxf6+ Qxf6 27. Qg4 Kf8 28. Bb3 Rc1 29. Rxc1 Bxc1 30. Qe2
Bf4 31. Qf3 Qh4 32. Nf1 gxf5 $19 {Stockfish11}) 24... Rxc1+ 25. Rf1 Rxf1+ (
25... Nxg4 26. hxg4 Qe3 27. Qxe3 Bxe3 28. fxg6 hxg6 29. Bxf7+ Kg7 30. Be6 Bc6
$19 {Stockfish11-the Bl Bs will a pawn on the Q side}) 26. Nxf1 Nxg4 27. hxg4
Qd4 (27... Kg7 $17) 28. g3 (28. Qc2 Qd7 $17) 28... Bc1 $19 29. fxg6 (29. f6
exf6 30. Qc2 Bxb2 31. Qc7 Bxe4+ 32. dxe4 Qxe4+ 33. Kh2 Qe2+ 34. Kh3 Qxf1+ 35.
Kh2 Qf2+ 36. Kh3 Kg7 37. Qxf7+ Kh6 38. Bd5 Bxa3 $19 {Stockfish11}) 29... hxg6
30. Qf3 e6 31. Qf6 Qxd3 32. Bxe6 (32. Kg1 Qxe4 33. Kf2 Bxb2 $19) 32... Qxe4+
33. Kg1 Qg2# 0-1

[Event "Dyfed Open"]
[Site "Fishguard"]
[Date "2020.02.16"]
[Round "5.15"]
[White "Ley, Cyril"]
[Black "Francis, Matthew"]
[Result "1/2-1/2"]
[WhiteElo "1603"]
[BlackElo "1642"]
[Annotator "kemen"]
[PlyCount "50"]
[EventDate "2020.02.??"]
[EventType "swiss"]
[EventRounds "5"]
[EventCountry "WLS"]
[SourceVersionDate "2020.02.18"]

1. Nf3 d5 2. c4 dxc4 (2... c6) (2... e6) 3. Na3 (3. e3) 3... Nf6 (3... c5) 4.
Nxc4 e6 5. d3 (5. g3 {main} Be7 6. Bg2 O-O 7. O-O c5 8. b3 (8. d4)) 5... Be7 (
5... Bb4+ 6. Bd2 Bxd2+ 7. Qxd2 O-O 8. e4 b6 9. Be2 Ba6 10. Nce5 c5 {
Bilek-Snorek, Prague op 2008,0-1}) (5... b5 6. Ncd2 Bb7 7. e3 a6 8. Be2 Be7 9.
Qc2 c5 {Akhmedzhanov-Mescheryakov, Astrakhan Ritminform Cup 2013,1-0}) 6. g3
O-O 7. Bg2 c6 (7... c5 8. O-O {transposes to 10 games}) 8. O-O Nbd7 9. Bf4 $146
(9. Bd2 $16 {Stockfish11; 1.5-0.5}) (9. a3 b5) (9. b3 {0-1}) 9... Nb6 10. Rc1
Nbd5 (10... Nxc4) 11. Bd2 h6 12. Qb3 (12. d4 $16 {Stockfish11}) 12... Nd7 (
12... c5) 13. d4 c5 14. Ba5 (14. Rfd1 $16 {Bl is behind in development, & has
the usual difficulties with his QB in Q pawn lines}) 14... b6 15. Bd2 cxd4 (
15... Bb7 $11) 16. Nxd4 Nc5 (16... Bb7 $11) 17. Qd1 (17. Qc2) 17... Bd7 (17...
Bf6 18. Nb3 Ba6 19. Nxc5 bxc5 20. Ba5 Qc8 21. b3 Rb8 22. Bxd5 exd5 23. Qxd5 Re8
24. e3 Bb7 25. Qd1 Qc6 26. f3 Bg5 27. Kf2 Qe6 {Bl has counter-play for the pawn
}) (17... Bb7 18. b4 Nf6 19. Bxb7 Nxb7 20. Nc6 Qe8 21. b5 $14 {Stockfish11})
18. e4 $16 Nf6 19. Ne5 (19. Qe2) 19... Rc8 (19... Ba4 20. Ndc6 Bxd1 21. Nxd8
Rfxd8 22. Rfxd1 Rac8 $11 {Stockfish11}) 20. Qe2 (20. Bf4 $16 Ncxe4 (20... Be8
21. Re1 $16) 21. Ndc6 Bxc6 22. Qxd8 Bxd8 23. Nxc6 $16 {Stockfish11}) 20... Be8
21. Bc3 {Wh has been shifting this B around several times} (21. Qe3 $14 {
Stockfish11}) (21. Be3 Bd6 22. f4 Ncxe4 23. Rxc8 Qxc8 24. Rc1 Qd8 25. Ndc6 Bxc6
26. Nxc6 Qd7 27. b4 Be7 28. a3 Re8 29. Bf3 Nd6 30. Qa6 $11 {Stockfish11}) 21...
Qd6 (21... Na4 $15) 22. Nc4 (22. Nec6 Qc7 23. Nxe7+ Qxe7 24. b4 Na4 25. Nf5
exf5 26. Bxf6 Qd7 27. Rxc8 Qxc8 28. Be7 $18 {Stockfish11}) (22. Nxf7 Bxf7 23.
e5 Qd7 24. exf6 Bxf6 (24... gxf6 25. Rfd1 $18) 25. Rfd1 e5 26. Nb5 Qe7 27. Nd6
$18 {Stockfish11}) 22... Qb8 23. Rfd1 (23. e5 Nh7 (23... Nfe4 24. Be1 $16) 24.
b4 Na4 25. Bd2 $16 {Stockfish11}) 23... Bd7 24. b3 Rfd8 25. f3 (25. Ba1 $14)
25... Be8 {(draw?)} (25... Be8 26. Ne3 $14) (25... b5 26. Ne3 b4 27. Bb2 a5 $11
) 1/2-1/2